Terminológia a terminologická práca v edukácii - tvorba dvojjazyčných databáz na báze technológií Web.2.

Príspevok sa zaoberá terminológiou a terminologickou prácou v kontexte vzdelávania budúcich prekladateľov a tlmočníkov. Zdôrazňuje sa význam implementácie znalosti terminológie ako vedy do školských osnov a rovnako aj dôležitosť vedomostí v rámci uplatňovania princípov pri príprave dvojjazyčných slo...

Descripción completa

Guardado en:
Detalles Bibliográficos
Autor principal: Štefčík, Jozef, 1976-
Otros Autores: Wrede, Oľga
Formato: Capítulo de libro
Lenguaje:eslovaco
Materias:
Etiquetas: Agregar Etiqueta
Sin Etiquetas, Sea el primero en etiquetar este registro!

MARC

LEADER 00000naa$a2200000$$$4500
001 0288484
005 20240417075218.1
041 0 |a slo 
044 |a SK 
245 1 0 |a Terminológia a terminologická práca v edukácii - tvorba dvojjazyčných databáz na báze technológií Web.2.  |c Jozef Štefčík, Oľga Wrede 
520 |a Príspevok sa zaoberá terminológiou a terminologickou prácou v kontexte vzdelávania budúcich prekladateľov a tlmočníkov. Zdôrazňuje sa význam implementácie znalosti terminológie ako vedy do školských osnov a rovnako aj dôležitosť vedomostí v rámci uplatňovania princípov pri príprave dvojjazyčných slovníkov a zásadách systematickej terminologické práce. 
610 2 0 |a preklady 
610 2 0 |a jazyk odborný 
610 2 0 |a terminológia 
610 2 0 |a jazykoveda 
610 2 0 |a jazyky cudzie 
100 1 |a Štefčík, Jozef, 1976- 
700 1 |a Wrede, Oľga